header

The First Industrial Region (Record no. 75225)

MARC details
000 -LEADER
fixed length control field 01281nam a2200289Ia 4500
082 04 - DEWEY DECIMAL CLASSIFICATION NUMBER
Classification number 338.09427/09/033
245 04 - TITLE STATEMENT
Title The First Industrial Region
260 ## - PUBLICATION, DISTRIBUTION, ETC. (IMPRINT)
Place of publication Manchester ;
-- New York :
Name of publisher Manchester University Press ;
Place of publication New York :
Name of publisher Distributed exclusively in the USA by Palgrave,
Year of publication 2004.
300 ## - PHYSICAL DESCRIPTION
Number of Pages x, 259 p. :
Other physical details ill., maps.
650 #0 - SUBJECT ADDED ENTRY--TOPICAL TERM
Topical Term Industries
700 1# - ADDED ENTRY--PERSONAL NAME
Personal name Stobart, Jon,
856 40 - ELECTRONIC LOCATION AND ACCESS
Uniform Resource Identifier http://site.ebrary.com/lib/rucke/Doc?id=10082113

No items available.

© 2026 Rongo University
Contact us: librarian | system librarian | Rongo university